000
00235nam a2200097Ia 4500
001
805664
005
20250826171157.0
008
250824s9999 xx 000 0 und d
245
0
_a
NEFES NEFESE
_c
AYŞE KULİN
260
_b
EVEREST YAYINLARI
999
_c
805664
_d
805664